01326nab a22002177a 4500003000400000005001700004008004100021040000700062100002600069245022500095260007300320300001800393500008400411505027600495505008900771650002700860650002400887650003400911650002900945773013400974OSt20250209211620.0190603e xxum|||| |||| 00| 0 spa d cPJ aOvejero Silva, Bruno 13aLos aspectos problemáticos del método de diálogo o armonización de las fuentes del derecho privado. Un análisis crítico a partir del anteproyecto de Código de Defensa del Consumidor / cBruno Ovejero Silva. cCiudad Autónoma de Buenos Aires :aThomson Reuters La Ley, b2025. ap. 313 - 326. aCita Online: TR LALEY AR/DOC/35/2025. Publicado en: RCCyC 2025 (febrero) , 313. aSumario: I. Introducción.— II. Del diálogo de fuentes a la armonización.— III. El objeto del diálogo: las fuentes.— IV. La finalidad del diálogo: la solución de antinomias.— V. El diálogo como propuesta metodológica.— VI. A modo de conclusión. t¿Te interesa el texto completo? Solicitalo al correo: koha@justierradelfuego.gov.ar 0aDEFENSA DEL CONSUMIDOR 0aFUENTES DEL DERECHO 0aCONTROL DE CONSTITUCIONALIDAD 0aINTERPRETACION DE LA LEY0 02713dCiudad Autónoma de Buenos Aires : Thomson Reuters La Ley, 2015-tRevista Código Civil y Comercial. Nº 1 - Febrero 2025